000 01160nac a22003497a 4500
001 BR2010002231
003 BR-BrBNA
005 20240105123830.0
008 230509b bl.|||m| |||| 00| 0 por d
040 _aBR-BrBNA
_bpor
_cBiblioteca Nacional de Agricultura
072 _aP32; P31
090 _aP32 BR2010002231
100 1 _aValladares, G.S.
100 1 _aBenites, V. de M.
100 1 _aPereira, M.G.
100 1 _aAnjos, L.H.C. dos
100 1 _aEbeling, A.G.
110 1 _aEMBRAPA Monitoramento por Satélite, Campinas, SP (Brasil)
245 1 _aProposta para classificação de organossolos em níveis inferiores com base nas frações húmicas
260 3 _aCampinas, SP (Brasil):
_c2003.
300 _a34 p.
490 _aBoletim de Pesquisa e Desenvolvimento - EMBRAPA Monitoramento por Satélite (Brazil)
_vno. 2
_xISSN 1806-3322
500 _a5 tables
650 _aCLASSIFICAÇÃO DO SOLO
650 _aSOLO
650 _aRECONHECIMENTO DO SOLO
650 _aPROPRIEDADE FÍSICO-QUÍMICA
650 _aFRAÇÃO DO SOLO
650 _aHÚMUS
909 _a202312
_bLúcia Elande
_c55
_dLúcia Elande
942 _2AGRIS
_n0
_cMS
999 _c297180
_d297180